Fruit Close Up Quiz Stats

 Plays Quiz Updated Dec 1, 2017

Challenge
Share
Tweet
Score 0/28 Timer 09:00
0 Plays Today
Number Fruit % Correct
4Lemon
90.7%
1Strawberry
87%
7Blueberry
80.4%
5Lime
76.7%
24Orange
75.6%
9Plum
65.4%
2Raspberry
62.3%
16Blackberry
61.5%
22Banana
50.4%
8Cantaloupe
47.8%
27Pineapple
46.4%
18Cherry
46.4%
21Avocado
45.1%
19Peach
44.4%
Number Fruit % Correct
12Kiwifruit
43.6%
17Coconut
40.7%
20Pomegranate
38.8%
3Watermelon
35.3%
23Pear
35.2%
11Carambola (Starfruit)
32.1%
6Mango
30.5%
14Pitaya (Dragonfruit)
30.3%
28Apple
28.7%
10Grapefruit
24%
13Grape
22.4%
25Honeydew melon
16.9%
15Papaya
12.2%
26Passionfruit
6%

You're not logged in!

Compare scores with friends on all Sporcle quizzes.
Join for Free
OR
Log In

You Might Also Like...

Show Comments

Extras

Top Quizzes Today


Score Distribution

Your Account Isn't Verified!

In order to create a playlist on Sporcle, you need to verify the email address you used during registration. Go to your Sporcle Settings to finish the process.

Report this User

Report this user for behavior that violates our Community Guidelines.

Details: